[Event "Navarra-chT"]
[Site "Navarra"]
[Date "2016.11.05"]
[Round "5.5"]
[White "Lazkoz Diez, Oskar"]
[Black "Ruiz Turrillas, Alfredo"]
[Result "1/2-1/2"]
[WhiteElo "1914"]
[BlackElo "1743"]
[PlyCount "81"]
[EventDate "2016.10.08"]
[EventType "team-tourn"]
[EventRounds "7"]
[EventCountry "ESP"]
[SourceTitle "CBM 175 Extra"]
[Source "ChessBase"]
[SourceDate "2016.12.12"]
[SourceVersion "1"]
[SourceVersionDate "2016.12.12"]
[SourceQuality "1"]
[WhiteTeam "Paz de Ziganda"]
[BlackTeam "Runa"]
[WhiteTeamCountry "ESP"]
[BlackTeamCountry "ESP"]

1. e4 c5 2. Nf3 Nc6 3. d4 cxd4 4. Nxd4 Nf6 5. Nc3 g6 6. Bc4 Bg7 7. Be3 0-0 8. 0-0 Nxe4 9. Bxf7+ Rxf7 10. Nxe4 e5 11. Nb5 d5 12. Ned6 d4 13. Nxf7 Kxf7 14. Qf3+ Kg8 15. Rad1 Be6 16. Bc1 Bc4 17. Rfe1 Bxb5 18. Qb3+ Kh8 19. Qxb5 Qc7 20. Re4 Rf8 21. Rde1 Ne7 22. Qd3 Nf5 23. f4 Nd6 24. fxe5 Nxe4 25. Qxe4 Qc5 26. Kh1 Bxe5 27. Bh6 Bg7 28. Bxg7+ Kxg7 29. Qxb7+ Kh6 30. Qe4 Rf7 31. h3 Rc7 32. Qf4+ Kg7 33. Rf1 h5 34. Qf6+ Kh6 35. Qh8+ Rh7 36. Qf6 Rc7 37. h4 Kh7 38. Qd8 Qe5 39. Qf8 Qe3 40. Qd6 Re7 41. Qf6 1/2-1/2

[Event "Navarra-chTA"]
[Site "Pamplona"]
[Date "2015.10.17"]
[Round "2.7"]
[White "Cloete, Herman Hubert"]
[Black "Ruiz Turrillas, Alfredo"]
[Result "0-1"]
[WhiteElo "1655"]
[BlackElo "1723"]
[PlyCount "64"]
[EventDate "2015.10.10"]
[EventType "team-tourn"]
[EventRounds "7"]
[EventCountry "ESP"]
[SourceTitle "CBM 169 Extra"]
[Source "ChessBase"]
[SourceDate "2015.12.18"]
[SourceVersion "1"]
[SourceVersionDate "2015.12.18"]
[SourceQuality "1"]
[WhiteTeam "Paz de Ziganda"]
[BlackTeam "Runa"]
[WhiteTeamCountry "ESP"]
[BlackTeamCountry "ESP"]

1. d4 d5 2. Nf3 g6 3. g3 Bg7 4. Bg2 Nf6 5. 0-0 0-0 6. c3 Bf5 7. Nbd2 a5 8. Re1 Ne4 9. Nh4 e6 10. Nxf5 gxf5 11. e3 Nd7 12. c4 c6 13. cxd5 cxd5 14. Rb1 Ndf6 15. b3 Qd6 16. Bb2 h5 17. Nf3 Ng4 18. Rf1 Bh6 19. Qe2 Nexf2 20. Rxf2 Bxe3 21. Rbf1 Bxf2+ 22. Rxf2 Nxf2 23. Kxf2 Kg7 24. Qd2 f6 25. Nh4 Rac8 26. Bf3 Qb4 27. Qe2 Qd6 28. Bxh5 Rh8 29. Kg2 Qc7 30. Qxe6 Rxh5 31. Nxf5+ Rxf5 32. Qxf5 Qc2+ 0-1

[Event "Euskadi-chTB"]
[Site "Euskadi"]
[Date "2001.02.03"]
[Round "8"]
[White "Ruiz Turrillas, Alfredo"]
[Black "Pinilla Santibanez, Roberto"]
[Result "0-1"]
[WhiteElo "1850"]
[BlackElo "2107"]
[PlyCount "48"]
[EventDate "2000.11.18"]
[EventType "team"]
[EventRounds "9"]
[EventCountry "ESP"]
[SourceTitle "EXT 2006"]
[Source "ChessBase"]
[SourceDate "2005.11.24"]
[SourceVersion "1"]
[SourceVersionDate "2005.11.24"]
[SourceQuality "1"]

1. e4 e5 2. Nc3 Nf6 3. f4 exf4 4. Nf3 Bb4 5. e5 Qe7 6. Bc4 0-0 7. d4 d6 8. Bxf4 Nc6 9. 0-0 dxe5 10. Nxe5 Nxd4 11. Nxf7 Rxf7 12. Bxf7+ Kxf7 13. Nd5 Ne2+ 14. Kh1 Qe4 15. Nxf6 gxf6 16. Bg5 Be7 17. Rf2 Bg4 18. Qf1 Qe5 19. Bh4 Rd8 20. Re1 Rd2 21. h3 Qh5 22. Rxf6+ Kg7 23. Rf4 Bxh4 24. Rxg4+ Qxg4 0-1